| 000 | 01620nam a22002297 4500 | ||
|---|---|---|---|
| 999 |
_c987 _d987 |
||
| 003 | AR-BaISA | ||
| 005 | 20220615172358.0 | ||
| 007 | ta | ||
| 008 | 220615s1987 mx a|||| |||| 001 0 spa d | ||
| 020 | _a9686034927 | ||
| 040 |
_bspa _cAR-BaISA |
||
| 082 | 0 | 4 |
_222 _a510 L536 |
| 100 | 1 |
_92334 _aLeithold, Louis |
|
| 245 | 1 | 3 |
_aEl cálculo con geometría analítica / _cLouis Leithold |
| 250 | _a5ª ed. | ||
| 260 |
_aMéxico: _bHarla, _c1987 |
||
| 300 |
_aXXII, 1615 p.: _bil., gráfs. |
||
| 504 | _aÍndice analítico p.: 1603-1615. | ||
| 505 |
_tTemas matemáticos previos al cálculo _tFUNCIONES DE UNA SOLA VARIABLE: _tLímites y continuidad -- _tLa derivada y la diferenciación -- _tValores extremos de funciones y técnicas de graficación -- _tIntegral definida e integración -- _tAplicaciones de la integral definida -- _tFunciones inversas, logarítmicas y exponenciales -- _tFunciones trigonométricas inversas y funciones hiperbólicas -- _tTécnicas de integración -- _tFormas indeterminadas, integrales impropias y fórmulas de Taylor -- _tCoordenadas polares y secciones cónicas _tSERIES INFINITAS: _tSucesiones y series infinitas de términos constantes -- _tSeries de potencias _tVECTORES Y FUNCIONES DE MÁS DE UNA VARIABLE: _tVectores en el plano y ecuaciones paramétricas -- _tVectores y geometría analítica en el espacio -- _tCálculo diferencial de funciones de más de una variable -- _tDerivadas, direccionales, gradientes y aplicaciones de las derivadas parciales -- _tIntegración múltiple -- _tAplicaciones del cálculo en campos vectoriales |
||
| 650 | 1 | 0 |
_92252 _aMatemática |
| 942 |
_2ddc _cLI _e22 |
||